| 000 | 00680nam a2200181 4500 | ||
|---|---|---|---|
| 001 | 112118 | ||
| 003 | ES-MaACL | ||
| 005 | 20230906185438.0 | ||
| 007 | t| | ||
| 008 | 061121s1964 sp r ||||1| spa d | ||
| 100 | 1 |
_aNicolau, Miguel. _985582 |
|
| 245 | 1 | 0 |
_aConstitución litúrgica del Vaticano II _b: texto y comentario teológico y pastoral / _cpor Miguel Nicolau, S. I.; con la colaboración de Tomás de Manzarraga y Enrique Rodríguez Panyagua. |
| 260 |
_aMadrid : _bApostolado de la Prensa, _c1964. |
||
| 300 |
_a337 p. ; _c17 cm. |
||
| 700 | 1 |
_aManzarraga, Tomás de. _976232 |
|
| 700 | 1 |
_aRodríguez Panyagua, Enrique. _998720 |
|
| 852 |
_aES-MaACL _jC-27251 _bR.54622 |
||
| 999 |
_c112118 _d112118 |
||